Online
Catalog

Catálogo de la colección del Banco Central / (Record no. 7479)

MARC details
000 -CABECERA
campo de control de longitud fija 01789nam a2200373 i 4500
001 - NÚMERO DE CONTROL
campo de control 000007700
003 - IDENTIFICADOR DEL NÚMERO DE CONTROL
campo de control DO-SdBNP
005 - FECHA Y HORA DE LA ÚLTIMA TRANSACCIÓN
campo de control 20250716104516.0
007 - CAMPO FIJO DE DESCRIPCIÓN FÍSICA--INFORMACIÓN GENERAL
campo de control de longitud fija ta
008 - DATOS DE LONGITUD FIJA--INFORMACIÓN GENERAL
campo de control de longitud fija 090907s2008 dr ac 001 0 spa d
020 ## - NÚMERO INTERNACIONAL ESTÁNDAR DEL LIBRO
Número Internacional Estándar del Libro 9789945443233
040 ## - FUENTE DE LA CATALOGACIÓN
Centro catalogador/agencia de origen DO-SdBNP
Lengua de catalogación spa
Centro/agencia transcriptor BNPHU
Normas de descripción rda
082 #4 - NÚMERO DE LA CLASIFICACIÓN DECIMAL DEWEY
Número de clasificación 015.7293
Número de documento/Ítem A347c
Número de edición 22
100 1# - ENTRADA PRINCIPAL--NOMBRE DE PERSONA
Nombre de persona Alcántara Almánzar, José,
Fechas asociadas al nombre 1946-
Término indicativo de función/relación autor
9 (RLIN) 7018
245 10 - MENCIÓN DE TÍTULO
Título Catálogo de la colección del Banco Central /
Mención de responsabilidad, etc. José Alcántara Almánzar, Luis José Bourget.
264 #4 - PRODUCCIÓN, PUBLICACIÓN, DISTRIBUCIÓN, FABRICACIÓN Y COPYRIGHT
Producción, publicación, distribución, fabricación y copyright Santo Domingo :
Nombre del de productor, editor, distribuidor, fabricante Banco Central de la República Dominicana,
Fecha de producción, publicación, distribución, fabricación o copyright ©2008.
300 ## - DESCRIPCIÓN FÍSICA
Extensión 237 páginas :
Otras características físicas ilustraciones, retratos ;
Dimensiones 23 cm.
336 ## - TIPO DE CONTENIDO
Fuente rdacontent
Término de tipo de contenido texto
Código de tipo de contenido txt
337 ## - TIPO DE MEDIO
Fuente rdamedia
Nombre/término del tipo de medio sin mediación
Código del tipo de medio n
338 ## - TIPO DE SOPORTE
Nombre/término del tipo de soporte volumen
Código del tipo de soporte nc
Fuente rdacarrier
490 0# - MENCIÓN DE SERIE
Mención de serie Banco Central de la República Dominicana
Designación de volumen o secuencia 100
490 0# - MENCIÓN DE SERIE
Mención de serie Serie Arte y literatura ;
Designación de volumen o secuencia 42
500 ## - NOTA GENERAL
Nota general Incluye datos biográficos de los autores
505 2# - NOTA DE CONTENIDO CON FORMATO
Nota de contenido con formato Presentación --
Título Serie nueva literatura económica --
-- Serie numismática y filatélica --
-- Serie obras premiadas--
-- Serie arte y literatura --
-- Serie bibliografía económica --
-- Serie ciencias sociales --
-- Serie cuentos Virgilio Díaz Grullón --
-- Serie educativa BCRD.
590 ## - NOTA LOCAL (RLIN)
Nota local Inventariado, 2018/DG
610 2# - PUNTO DE ACCESO ADICIONAL DE MATERIA--NOMBRE DE ENTIDAD CORPORATIVA
Nombre de entidad corporativa o nombre de jurisdicción como elemento de entrada Banco Central de la República Dominicana
Subdivisión general Reseña de libros
Subdivisión de forma Catálogos
9 (RLIN) 21359
650 #4 - PUNTO DE ACCESO ADICIONAL DE MATERIA--TÉRMINO DE MATERIA
Término de materia o nombre geográfico como elemento de entrada Catálogos de editores
Subdivisión geográfica República Dominicana
Subdivisión de forma Libros
9 (RLIN) 21358
650 #4 - PUNTO DE ACCESO ADICIONAL DE MATERIA--TÉRMINO DE MATERIA
Término de materia o nombre geográfico como elemento de entrada Reseña de libros
Subdivisión de forma Catálogos
9 (RLIN) 21360
700 1# - PUNTO DE ACCESO ADICIONAL--NOMBRE DE PERSONA
Nombre de persona Bourget, Luis José,
Fechas asociadas al nombre 1966-
Término indicativo de función/relación autor
Código de función/relación aut.
9 (RLIN) 21361
710 2# - PUNTO DE ACCESO ADICIONAL--NOMBRE DE ENTIDAD CORPORATIVA
Nombre de entidad corporativa o nombre de jurisdicción como elemento de entrada Banco Central de la República Dominicana
9 (RLIN) 83405
830 ## - PUNTO DE ACCESO ADICIONAL DE SERIE-TÍTULO UNIFORME
Título uniforme Banco Central de la República Dominicana
Número de parte o sección de la obra 100
Nombre de parte o sección de la obra Serie Arte y Literatura
Número de parte o sección de la obra 42
9 (RLIN) 88370
910 ## - DATOS DE OPCIÓN DEL USUARIO (OCLC)
Datos de opción del usuario Validado. Control de calidad MMOLINA
942 ## - ELEMENTOS DE PUNTO DE ACCESO ADICIONAL (KOHA)
Fuente del sistema de clasificación o colocación Dewey Decimal Classification
Tipo de ítem Koha Libro
Holdings
Estado de retiro Estado de pérdida Fuente del sistema de clasificación o colocación Restricciones de uso No para préstamo Código de colección Localización permanente Ubicación/localización actual Ubicación en estantería Fecha de adquisición Total de préstamos Signatura topográfica completa Código de barras Fecha visto por última vez Número de copia Precio válido a partir de Tipo de ítem Koha Fuente de adquisición
    Dewey Decimal Classification Préstamo en sala   Dominicana en Servicio Referencia Biblioteca Nacional Pedro Henríquez Ureña Biblioteca Nacional Pedro Henríquez Ureña Depósito 22.03.2011   BNPHU R-DS 015.7293 A347c 7700-30 25.06.2020 e. 3 25.06.2020 Libro  
    Dewey Decimal Classification Préstamo en sala   Dominicana en Servicio Referencia Biblioteca Nacional Pedro Henríquez Ureña Biblioteca Nacional Pedro Henríquez Ureña Depósito 09.07.2018   BNPHU R-DS 015.7293 A347c 7700-40 25.06.2020 e. 4 25.06.2020 Libro Donado por el Banco Central
    Dewey Decimal Classification Préstamo en sala   Dominicana en Servicio Referencia Biblioteca Nacional Pedro Henríquez Ureña Biblioteca Nacional Pedro Henríquez Ureña Depósito 22.05.2019   BNPHU R-DS 015.7293 A347c 7700-50 25.06.2020 e. 5 25.06.2020 Libro  
    Dewey Decimal Classification Préstamo en sala   Dominicana en Servicio Referencia Biblioteca Nacional Pedro Henríquez Ureña Biblioteca Nacional Pedro Henríquez Ureña Depósito 14.10.2009   BNPHU R-PD 015.7293 A347c 7700-10 25.06.2020   25.06.2020 Libro Deposito legal
    Dewey Decimal Classification Préstamo en sala   Dominicana en Servicio Referencia Biblioteca Nacional Pedro Henríquez Ureña Biblioteca Nacional Pedro Henríquez Ureña Depósito 14.03.2011   BNPHU R-PD 015.7293 A347c 7700-20 25.06.2020 e. 2 25.06.2020 Libro Deposito legal

Powered by Koha